Slowakei-Quiz - Sudden Death - Statistiken

Allgemein
  • Dieses Quiz wurde 105 mal gespielt
  • Das Durchschnittsergebnis liegt bei 4 aus 10
Answers on the Grid
Answers color-coded by a green-red scale on the quiz's grid according to % correct below.
Dies ist die Flagge der Slowakei: 🇸🇮
Das KFZ-Kennzeichen der Slowakei lautet "SLO"
Die Slowakei hat bereits den ESC gewonnen
Die slowakische Hauptstadt ist Bratislava
Die Slowakei grenzt an ein Land mit dieser Flagge: 🇭🇺
Die Slowakei ist ein Binnenstaat
In der Slowakei leben mehr Männer als Frauen
Die Slowakei hat kein Pfandsystem
Die Währung der Slowakei ist die Krone
Die Slowakei ist Mitglied der Europäischen Union
Die Slowakei ist in der NATO
Die Slowakei wird von der Donau durchflossen
Das BIP pro Kopf der Slowakei ist höher als das von Tschechien
Flächenmäßig ist die Slowakei größer als Litauen
Die Slowakei hat mehr Einwohner als Bulgarien
Die Slowakei gehörte zur Tschechoslowakei
Die Slowakei hat keine Stadt, die mindestens 1 Million Einwohner hat
+421 ist die slowakische Vorwahl
Die Slowakei wird zum Teil von den Karpaten bedeckt
Die Alpen erstrecken sich über die Slowakei
 
Antwortstatistiken
Antwort % Korrekt
Die Slowakei ist ein Binnenstaat
58%
Die Slowakei ist Mitglied der Europäischen Union
56%
Die slowakische Hauptstadt ist Bratislava
53%
Die Slowakei ist in der NATO
50%
Die Slowakei gehörte zur Tschechoslowakei
47%
Die Slowakei grenzt an ein Land mit dieser Flagge: 🇭🇺
36%
Die Slowakei wird von der Donau durchflossen
36%
Die Slowakei wird zum Teil von den Karpaten bedeckt
31%
Die Slowakei hat keine Stadt, die mindestens 1 Million Einwohner hat
28%
+421 ist die slowakische Vorwahl
19%
Keine übereinstimmenden Quizze gefunden
Verteilung der Resultate
Anzahl Personen mit jedem Resultat
Perzentil nach korrekt beantworteten Fragen
Ihre Resultats-Entwicklung
Sie haben dieses Quiz noch nicht gespielt